| 000 | 00334nam a2200097Ia 4500 | ||
|---|---|---|---|
| 082 | _aJ ST 510 MODL | ||
| 245 | 0 | _aModlin dictionaries. Mathematical literacy grade 10-12 : inspiring, creative, empowering | |
| 100 |
_a Fourie, Heidi Norwood, South Africa, 2006 _966979 |
||
| 942 | _cBK | ||
| 008 | 210817s9999 xx 000 0 und d | ||
| 999 |
_c215375 _d215378 |
||